The Facebook Marketing Book (Record no. 96260)
[ view plain ]
| 000 -LEADER | |
|---|---|
| fixed length control field | 00601nam a2200229Ia 4500 |
| 005 - DATE AND TIME OF LATEST TRANSACTION | |
| control field | 20230426073325.0 |
| 008 - FIXED-LENGTH DATA ELEMENTS--GENERAL INFORMATION | |
| fixed length control field | 230125s9999 xx 000 0 und d |
| 020 ## - INTERNATIONAL STANDARD BOOK NUMBER | |
| International Standard Book Number | 9789352138173 |
| 041 ## - LANGUAGE CODE | |
| Language code of text/sound track or separate title | eng |
| 082 ## - DEWEY DECIMAL CLASSIFICATION NUMBER | |
| Classification number | 004.1 |
| Item number | ZAR |
| 100 ## - MAIN ENTRY--PERSONAL NAME | |
| Author | Zarrella D |
| 245 ## - TITLE STATEMENT | |
| Title | The Facebook Marketing Book |
| 250 ## - EDITION STATEMENT | |
| Edition statement | 2nd Ed. |
| 260 ## - PUBLICATION, DISTRIBUTION, ETC. | |
| Date of publication, distribution, etc. | 2019 |
| Name of publisher, distributor, etc. | Shroff publisher and distributors |
| Place of publication, distribution, etc. | Mumbai |
| 300 ## - PHYSICAL DESCRIPTION | |
| Extent | 272p |
| 500 ## - GENERAL NOTE | |
| Keywords | Business Analytics;Facebook<br/> |
| 650 ## - SUBJECT ADDED ENTRY--TOPICAL TERM | |
| Topical term or geographic name entry element | Business Analytics;Facebook |
| 700 ## - ADDED ENTRY--PERSONAL NAME | |
| Personal name | Zarrella D & Zarrella A |
| 942 ## - ADDED ENTRY ELEMENTS (KOHA) | |
| Koha item type | Books |
| 906 ## - LOCAL DATA ELEMENT F, LDF (RLIN) | |
| b | 196 |
| Withdrawn status | Lost status | Damaged status | Not for loan | Home library | Current library | Date acquired | Vendor | Net Price | Bill number | Total Checkouts | Full call number | Barcode | Date last seen | Actual Price | Bill Date | Koha item type | Original Barcode |
|---|---|---|---|---|---|---|---|---|---|---|---|---|---|---|---|---|---|
| Smt. Hiraben Nanavati Institute of Management & Research for Women | Smt. Hiraben Nanavati Institute of Management & Research for Women | 07/01/2020 | Forward Books | 700.00 | 11164 | 004.1 ZAR B19570 | HIMR-BK-19570 | 25/01/2023 | 504.00 | 25/01/2023 | Books | B19570 |